Thinking with Things. Toward a New Vision of Art.
Đã lưu trong:
| Tác giả chính: | |
|---|---|
| Định dạng: | Sách |
| Ngôn ngữ: | Tiếng Anh |
| Được phát hành: |
Austin, Unites States of America:
University of Texas Press,
2005.
|
| Những chủ đề: | |
| Các nhãn: |
Thêm thẻ
Không có thẻ, Là người đầu tiên thẻ bản ghi này!
|
MARC
| LEADER | 00000nam a22000007a 4500 | ||
|---|---|---|---|
| 003 | CL-VaPUC | ||
| 005 | 20250106160255.0 | ||
| 008 | 241217t2005 ||||| |||| 00| 0 eng d | ||
| 999 | |c 446338 |d 446336 | ||
| 020 | |a 0-292-76597-5 | ||
| 040 | |c Pontificia Universidad Católica de Valparaíso | ||
| 082 | |2 22 |a 701.18 PAS 2005 | ||
| 100 | |9 894781 |a Pasztory, Esther |e author | ||
| 245 | |a Thinking with Things. |b Toward a New Vision of Art. | ||
| 260 | |a Austin, Unites States of America: |b University of Texas Press, |c 2005. | ||
| 300 | |a 252 páginas: |b ilustraciones. | ||
| 500 | |a c.1: Donación P.I.I.E. 2-12-2024. | ||
| 583 | |c 20241217 |k Yessy Sthefany Diaz Vidal | ||
| 650 | 0 | |9 265238 |a Arte |v Aspectos estéticos, filosóficos y sociales | |
| 650 | 0 | |a Historia del arte |x Antropología |9 894904 | |
| 650 | 0 | |9 337253 |a Obras de arte |v Crítica y apreciación | |
| 650 | 0 | |9 330955 |a Arte precolombino |v Crítica, historia, etc. | |
| 650 | 0 | |9 894903 |a Art |v Aesthetic, philosophical and social aspects | |
| 942 | |2 ddc |c BK | ||
| 952 | |0 0 |1 0 |2 ddc |4 0 |6 701_180000000000000_PAS_2005 |7 0 |8 A |9 598721 |a BIBGIM |b BIBGIM |d 2024-12-17 |e Donación |i 5663685 |o 701.18 PAS 2005 |p 5663685 |r 2025-01-15 |t 1 |w 2024-12-17 |y BK |k ELE | ||